000 00697cab a2200241 4500
001 ABS49587
008 090401t1993 xxu||||| |||| 00| 0 eng d
035 _a(Sirsi) u71868
041 _aeng
100 _aHalman, G.
245 _aDevelopers` contributions : the DOT backpedals
260 _c1993
350 _a0
490 _aEstates Gazette
_v(9341) 16 October 1993, 166-167(2)
520 _aDiscusses recent Government proposals on developers` contributions to highway works.
650 _aDEVELOPERS CONTRIBUTIONS
650 _aFUNDING
650 _aHIGHWAY WORKS
650 _aROAD IMPROVEMENTS
690 _aTRANSPORT AND COMMUNICATIONS
942 _n0
948 _c04/03/1997
999 _c45333
_d45333